000
00365nam a2200133Ia 4500
008
191206s9999 xx 000 0 und d
020
_a
140441840
090
_a
PZ3.T588.RE39
245
0
_a
Ressurection
260
_a
Spark Africa
260
_c
c[200u]
300
_a
"1 videodisc of 1 (DVD, VCD, etc.) (ca. *** min.) :"
999
_c
16796
_d
16796